Podnikateľský zámer ako podklad pre založenie firmy bakalárska práca

Salvato in:
Dettagli Bibliografici
Autore principale: Bullová, Dominika
Ente Autore: Fakulta podnikového manažmentu EU. Katedra podnikovohospodárska
Altri autori: Kufelová, Iveta, 1970-
Natura: Libro
Lingua:slovacco
Pubblicazione: Bratislava 2015
Tags: Aggiungi Tag
Nessun Tag, puoi essere il primo ad aggiungerne!!

MARC

LEADER 00000nbm a2200000 4500
001 0202978
005 20161212102551.0
041 0 |a slo 
044 |a SK 
245 1 0 |a Podnikateľský zámer ako podklad pre založenie firmy  |b bakalárska práca  |c Dominika Bullová ; školiteľ: Iveta Kufelová 
264 1 |a Bratislava  |c 2015 
300 |a 56 s. 
100 1 |a Bullová, Dominika 
700 1 |a Kufelová, Iveta, 1970- 
710 2 |a Fakulta podnikového manažmentu EU. Katedra podnikovohospodárska